Kanye Song Emoji Quiz - Statistics

General Stats
  • This quiz has been taken 52 times
  • The average score is 13 of 30
Answer Stats
Hint Answer % Correct
πŸ‘ΏπŸ†•πŸ‘— Devil In A New Dress
100%
🌊🌊🌊 Waves
85%
3️⃣0οΈβƒ£βŒ› 30 Hours
74%
πŸ’“πŸ”β¬‡οΈ Love Lockdown
74%
πŸ‘ΆπŸ‘€πŸ‘» Kids See Ghosts
69%
πŸ’ͺπŸ‹οΈ Stronger
69%
πŸƒπŸΏβ€β™‚οΈπŸ‘© Runaway
67%
βš«πŸ§‘πŸΏβ€πŸ¦² Black Skinhead
64%
πŸ”—2️⃣ Bound 2
64%
πŸ‘ŽπŸ“° Bad News
59%
🚨⚫🚨 Flashing Lights
59%
πŸ§ŒπŸ‘ΉπŸ‘Ί Monster
56%
πŸ₯³πŸ₯‚πŸΎπŸŽ‰ Celebration
49%
πŸ†•πŸŒ… New Day
46%
πŸŽ πŸ€Ήβ€β™‚οΈπŸŽ‘ Carnival
41%
πŸ‘ͺπŸ‘ Father Stretch My Hands
41%
πŸ—£οΈ Talking
41%
πŸ§Šβ„οΈπŸ‚ Coldest Winter
38%
β™ΎοΈπŸ€Έβ€β™‚οΈβ¬‡οΈ All falls down
36%
πŸ”πŸ”›β˜€οΈπŸ“… Closed On Sunday
33%
πŸ‘ͺπŸ‘2️⃣ Pt. 2
28%
πŸ“΄βΉοΈβΉοΈβΉοΈ Off The Grid
26%
πŸ§‘πŸΏβ€πŸ¦²πŸ§‘πŸΏβ€πŸ¦²πŸ₯–πŸ₯ Ni**as In Paris
18%
πŸ‘€πŸ«΅πŸŒƒπŸ˜± See You In My Nightmares
10%
πŸ‘¨πŸ‘¨πŸ“·πŸ‘§ Famous
8%
πŸ‘ΆπŸ“ˆπŸ‘¨πŸ₯³ Life Of the Party
8%
πŸ€¬πŸš”β›“οΈβ€πŸ’₯ Violent Crimes
8%
πŸ™…β€β™‚οΈπŸ‘1️⃣ Don't Like.1
5%
βŒ›πŸ˜“πŸ•” Late
5%
πŸ‘ΆπŸ“‰πŸ”₯πŸ‘¨ Hell Of A Life
3%
No matching quizzes found
Score Distribution
Percent of People with Each Score
Percentile by Number Answered
Your Score History
You have not taken this quiz